Welcome to the Holygrace Academy Library

Please use search bar below to get started

MATHS AHEAD -6 (Record no. 8934)

MARC details
000 -LEADER
fixed length control field 00314nam a22001337a 4500
082 ## - DEWEY DECIMAL CLASSIFICATION NUMBER
Classification number 510
Item number SUN/M
100 ## - MAIN ENTRY--AUTHOR NAME
Personal name SUNDHARARAJAN, SAROJA
245 ## - TITLE STATEMENT
Title MATHS AHEAD -6
246 ## - VARYING FORM OF TITLE
Title proper/short title MATHS AHEAD -6
Remainder of title MATHS AHEAD -6
260 ## - PUBLICATION, DISTRIBUTION, ETC. (IMPRINT)
Place of publication HYDERABAD
Name of publisher ORIENT BLACK SWAN
Year of publication 2024
300 ## - PHYSICAL DESCRIPTION
Number of Pages 248
650 ## - SUBJECT ADDED ENTRY--TOPICAL TERM
Topical Term MATHEMATICS
942 ## - ADDED ENTRY ELEMENTS (KOHA)
Koha item type Books
Holdings
Withdrawn status Lost status Collection code Home library Current library Shelving location Date acquired Source of acquisition Cost, normal purchase price Full call number Accession Number Koha item type
    Reference Main Library Main Library SHELF 7E CLASS 7,8,9 MIX 05/09/2024 PURCHASED 593.00 510 SUN/M 13697 Books